Score 0/33 Timer 04:00
33 Plays Today
% Correct
Alice
96.3%
Dragon
96.3%
Planet
96.2%
Heaven
96%
Express
96%
Bang
95.9%
Cry
95.6%
Lady
95.4%
Lone
95.2%
Fantastic
95%
Lost
94.7%
Perfect
94.6%
Again
94.2%
Brothers
93.8%
Young
93.7%
Mike
93.3%
True
93.2%
% Correct
Under
93.2%
Fever
92.9%
Silver
92.9%
Billy
92.8%
Dreams
92.8%
Friday
92.7%
Born
92.3%
Carter
91.7%
Cat
91.5%
Half
89.8%
Whale
88.9%
Easy
87.7%
Harry
87.6%
Trouble
87.6%
Real
86.7%
Project
82.5%
Remove Ads.
Support Sporcle.
Get the best of Sporcle when you Go Orange. This ad-free experience offers more features, more stats, and more fun while also helping to support Sporcle. Thank you for becoming a member.

You're not logged in!

Compare scores with friends on all Sporcle quizzes.
OR
Log In

Show Comments

Extras

Top Quizzes Today


Score Distribution

Your Account Isn't Verified!

In order to create a playlist on Sporcle, you need to verify the email address you used during registration. Go to your Sporcle Settings to finish the process.

Report this User

Report this user for behavior that violates our Community Guidelines.

Details: